000 01315nam0a22003251 4500
001 v19\rc\1665567
005 20260406070334.0
035 _a(NLR Aleph) 004774153
090 _a4643205
_c4643205
100 _a20061002d1892 |||y0rusy50 ca
101 0 _arus
102 _aRU
105 _ay z |||||
200 1 _aРусское кружево и русские кружевницы
_eИсслед. ист., техн. и стат.
_f[Соч.] Софьи Давыдовой
210 _aСанкт-Петербург
_cтип. А.С. Суворина
_d1892
215 _a[4], VI, 166 с.
_d41
311 _a[Альбом], 1892 (шифр: 18.21.1.79(2))
421 0 _11010#$arus
_12001#$a[Альбом]
_1210##$d1892
_1215##$a[4] с., 80 л.
_1899##$aNLR$j18.21.1.79(2)
_1899##$aRuMoRGB$jA 170/1
_1899##$aБАН
_1899##$aГПИБ
_t[Альбом]
700 1 _7ca
_8rus
_aДавыдова
_bС. А.
_cписательница
_f1842-1915
_gСофья Александровна
_9125277
_3RU\NLR\AUTH\7715629
801 0 _aRU
_bNLR
_gpsbo
801 0 _aRU
_bRuMoRGB
_2psbo
801 1 _aRU
_bProSoft-M
_2rusmarc
801 2 _aRU
_bNLR
_c20131001
_2rusmarc
852 _aNLR
_j18.21.1.79(1)
852 _aNLR
_bМф
_jК-1/16519
899 _aБАН
899 _aГПИБ
899 _aRuMoRGB
_jA 170/1
942 _cBOOK
980 _aNB